| 000 | 005750000a22002050004500 | ||
|---|---|---|---|
| 003 | LK-CoMWRAF | ||
| 005 | 20231120101106.0 | ||
| 008 | 230817t1994 ||||| |||| 00| 0 eng d | ||
| 020 | _a0006278167 | ||
| 040 |
_aLK-CoMWRAF _dLK-CoMWRAF _eLK-CoMWRAF |
||
| 041 | _aeng | ||
| 082 |
_a262.14 _bPET |
||
| 100 | _aPetre, Jonathan | ||
| 245 |
_aBy sex divided: _bthe Church of England and women priests |
||
| 260 |
_aLondon: _bFount, _c1994 |
||
| 300 | _avi, 185 p. ; 20 cm. | ||
| 650 | _aORDINATION OF WOMEN--Church of England | ||
| 650 | _aWomen clergy--England | ||
| 942 | _cBK | ||
| 999 |
_c275 _d275 |
||